| 000 | 01180naa a22003377a 4500 | ||
|---|---|---|---|
| 001 | BR8800644 | ||
| 003 | BR-BrBNA | ||
| 005 | 20250721154552.0 | ||
| 007 | ta | ||
| 008 | 250630b bl.|||m| |||| 00| 0 por d | ||
| 040 |
_aBR-BrBNA _bpor _cBiblioteca Nacional de Agricultura |
||
| 041 | _a(Pt) | ||
| 072 |
_aL10 _b8140 _bG514 |
||
| 090 | _aL10 BR8800644 | ||
| 100 | 1 | _aGaradi, P. | |
| 100 | 1 | _aAraujo, O.J. | |
| 100 | 1 | _aFigueiroa, N.C. | |
| 100 | 1 | _aGalvao, I.A. | |
| 100 | 1 | _aQueiroz, L. de A. | |
| 245 | 1 | _aReproducao artificial de piau verdadeiro, Leporinus elongatus, Valenciennes, 1849, cruzado com piau branco, Schizodon Knerii, Steindachner, 1875 | |
| 500 | _aEstudos de Piscicultura Brasilia, DF (Brasil): 1986. p. 13-16 [5 ref.] (BR8800644-AMS) | ||
| 773 | 0 |
_tEstudos de piscicultura _wM12 BR9001591 _gBrasilia, DF (Brasil), 1988. _q71 p. |
|
| 650 | _aMELHORAMENTO GENETICO ANIMAL | ||
| 650 | _aREPRODUCAO ANIMAL | ||
| 650 | _aHIBRIDACAO | ||
| 650 | _aPISCICULTURA | ||
| 650 | _aPIAU | ||
| 490 |
_aPublicacao - Companhia de Desenvolvimento do Vale do Sao Francisco (Brazil) _vno. 3 |
||
| 942 |
_cAMS _2AGRIS |
||
| 909 |
_a202506 _bLúcia _c55 _dLúcia Elande |
||
| 999 |
_c335714 _d335714 |
||